Céramiques islamiques dans les collections genevoises /

محفوظ في:

مؤلف مشترك: Geneva (Switzerland). Musée d'art et d'histoire.

التنسيق: كتاب

اللغة: French

منشور في: Genève : Editions du Tricorne, 1981.

الموضوعات:

الوسوم: إضافة وسم

لا توجد وسوم, كن أول من يضع وسما على هذه التسجيلة!

رقم الطلب: NK3880 .C473 1981

LEADER 00690nam a22002057a 4500
003 OSt
005 20250915072341.0
008 250303s1981 sz a g bc 000 0 fre d
040 |c ARCE Library 
050 1 4 |a NK3880   |b .C473 1981 
245 0 0 |a Céramiques islamiques dans les collections genevoises /   |c Musée d'art et d'histoire. 
264 1 |a Genève :   |b Editions du Tricorne,   |c 1981. 
300 |a 95 pages :   |b illustrations (some color) ;   |c 25 cm. 
500 |a Exhibition catalog. 
504 |a Bibliography : pages 93-94. 
650 0 |a Pottery, Islamic   |v Exhibitions. 
710 1 |a Geneva (Switzerland).  |b Musée d'art et d'histoire. 
901 |a reviewed 
942 |c BK  |2 lcc 
999 |c 23863  |d 23863